Canadian Province and Territory Flags - Statistics

General Stats
  • This quiz has been taken 76 times
  • The average score is 10 of 13
Answer Stats
Picture Answer % Correct
Quebec
96%
British Columbia
89%
Ontario
84%
Newfoundland and Labrador
82%
Nunavut
82%
Prince Edward Island
82%
Saskatchewan
80%
Manitoba
78%
Nova Scotia
78%
Yukon
78%
Alberta
76%
New Brunswick
73%
Northwest Territories
69%
No matching quizzes found
Score Distribution
Percent of People with Each Score
Percentile by Number Answered
Your Score History
You have not taken this quiz